000
00207 a2200097 4500
001
10845
100
_a
S. H. Nasr
245
_a
Philosophy Literature
260
_a
_b
Hdder Stoughton
_c
090
_c
8422
_d
8422
942
_a
NUST-CAE
_c
M
_c
35181
999
_c
245918
_d
245918